Selenium WebDriver Recipes in C#

Selenium WebDriver Recipes in C#, Second Edition is a quick practical problem-solving guide to automated testing web applications with Selenium WebDriver in C#. This book contains hundreds of solutions to real-world problems, with clear explanations and ready-to-run Selenium test scripts that you ca...

Full description

Bibliographic Details
Main Author: Zhan, Zhimin (Author)
Corporate Author: SpringerLink (Online service)
Format: Electronic eBook
Language:English
Published: Berkeley, CA : Apress : Imprint: Apress, 2015.
Edition:Second Edition.
Subjects:
Online Access:Full Text via HEAL-Link
LEADER 03123nam a22005175i 4500
001 978-1-4842-1742-9
003 DE-He213
005 20151228075553.0
007 cr nn 008mamaa
008 151228s2015 xxu| s |||| 0|eng d
020 |a 9781484217429  |9 978-1-4842-1742-9 
024 7 |a 10.1007/978-1-4842-1742-9  |2 doi 
040 |d GrThAP 
050 4 |a QA76.6-76.66 
072 7 |a UM  |2 bicssc 
072 7 |a COM051000  |2 bisacsh 
082 0 4 |a 005.11  |2 23 
100 1 |a Zhan, Zhimin.  |e author. 
245 1 0 |a Selenium WebDriver Recipes in C#  |h [electronic resource] /  |c by Zhimin Zhan. 
250 |a Second Edition. 
264 1 |a Berkeley, CA :  |b Apress :  |b Imprint: Apress,  |c 2015. 
300 |a XXIV, 164 p. 99 illus.  |b online resource. 
336 |a text  |b txt  |2 rdacontent 
337 |a computer  |b c  |2 rdamedia 
338 |a online resource  |b cr  |2 rdacarrier 
347 |a text file  |b PDF  |2 rda 
505 0 |a 1. Introduction -- 2. Locating Web Elements -- 3. Hyperlink -- 4. Button -- 5. TestField and TextArea -- 6. Radio Button -- 7. CheckBox -- 8. Select List -- 9. Navigation and Browser -- 10. Assertion -- 11. Frames -- 12. Testing Ajax.-13. . File Upload and Pop-up Dialogs -- 14. Debugging Test Scripts -- 15. Test Data -- 16. Browser Profile and Capabilities -- 17. Advanced User Interactions -- 18. HTML5 and Dynamic Web Sites -- 19. WYSIWYG HTML Editors -- 20. Advanced Topics -- 21. Selenium Remote Control Server -- 22. Afterword -- A. Resources. 
520 |a Selenium WebDriver Recipes in C#, Second Edition is a quick practical problem-solving guide to automated testing web applications with Selenium WebDriver in C#. This book contains hundreds of solutions to real-world problems, with clear explanations and ready-to-run Selenium test scripts that you can use in your own projects. What You'll Learn How to locate web elements and test functions for hyperlinks, buttons, TestFields and TextAreas, Radio Buttons, CheckBox, and more How to use Selenium WebDriver for select lists, navigation, assertions, frames, file upload and pop-up dialogs How to debug test scripts and test data How to manage and deal with browser profiles and capabilities How to manage tests for advanced User Interactions and Experiences (UX) How to work with and manage tests and testing using the Selenium Remote Control Server and more. 
650 0 |a Computer science. 
650 0 |a Computer programming. 
650 0 |a Software engineering. 
650 0 |a Programming languages (Electronic computers). 
650 0 |a Quality control. 
650 0 |a Reliability. 
650 0 |a Industrial safety. 
650 1 4 |a Computer Science. 
650 2 4 |a Programming Techniques. 
650 2 4 |a Programming Languages, Compilers, Interpreters. 
650 2 4 |a Quality Control, Reliability, Safety and Risk. 
650 2 4 |a Software Engineering. 
710 2 |a SpringerLink (Online service) 
773 0 |t Springer eBooks 
776 0 8 |i Printed edition:  |z 9781484217412 
856 4 0 |u http://dx.doi.org/10.1007/978-1-4842-1742-9  |z Full Text via HEAL-Link 
912 |a ZDB-2-CWD 
950 |a Professional and Applied Computing (Springer-12059)